000 00686nam a2200229 a 4500
001 000021140
005 20200930011238.0
008 100831s1991 sp r 000 j spa d
020 _a8432070254
040 _aDO-SdBNP
_bSPA
_cBNPHU
082 _a863.64
_bT656e, 1991
100 1 _aTomeo, Javier,
_944202
245 1 0 _aLos enemigos /
_cJavier Tomeo.
250 _a2a ed.
260 _aBarcelona, España :
_bPlaneta,
_c1991.
300 _a186 [4] p. ;
_c21 cm.
490 1 _aAutores españoles e hispanoamericanos
650 4 _aNovela española
_91123
650 4 _aLiteratura española
_ySIGLO XX
_93326
830 0 _aAutores españoles e hispanoamericanos
_95042
049 _aBNGR
999 _c20642
_d20642